Stranded in the Philippines : (Record no. 68527)

MARC details
000 -LEADER
fixed length control field 00977nam a22002410 4500
003 - CONTROL NUMBER IDENTIFIER
control field PILC
005 - DATE AND TIME OF LATEST TRANSACTION
control field 20160115141512.0
008 - FIXED-LENGTH DATA ELEMENTS--GENERAL INFORMATION
fixed length control field 000229s1994 ph eng
010 ## - LIBRARY OF CONGRESS CONTROL NUMBER
LC control number Acc#28347
020 ## - INTERNATIONAL STANDARD BOOK NUMBER
International Standard Book Number 9711005190
040 ## - CATALOGING SOURCE
Transcribing agency Philippine Baptist Theological Seminary
050 00 - LIBRARY OF CONGRESS CALL NUMBER
Classification number Fil D 802 .P62
Item number M624 1994
100 1# - MAIN ENTRY--PERSONAL NAME
Personal name Mills, Scott A.,
Dates associated with a name 1924-
245 10 - TITLE STATEMENT
Title Stranded in the Philippines :
Remainder of title missionary professor organizes resistance to Japanese /
Statement of responsibility, etc. by Scott A. Mills.
260 ## - PUBLICATION, DISTRIBUTION, ETC (IMPRINT)
Place of publication, distribution, etc. Quezon City :
Name of publisher, distributor, etc. New Day Publishers of the Christian Literature Society of the Philippines,
Date of publication, distribution, etc. 1994.
300 ## - PHYSICAL DESCRIPTION
Extent xix, 139 p. :
Other physical details ill. ;
Dimensions 23 cm.
600 10 - SUBJECT ADDED ENTRY--PERSONAL NAME
Personal name Bell, Henry Roy, b. 1896.
650 #0 - SUBJECT ADDED ENTRY--TOPICAL TERM
Topical term or geographic name as entry element Negros Island (Philippines)
General subdivision History.
650 #0 - SUBJECT ADDED ENTRY--TOPICAL TERM
Topical term or geographic name as entry element Philippines
General subdivision History
-- Japanese occupation, 1942-1945.
650 #0 - SUBJECT ADDED ENTRY--TOPICAL TERM
Topical term or geographic name as entry element World War, 1939-1945
General subdivision Underground movements
Geographic subdivision Philippines
General subdivision Negros Island.
740 0# - ADDED ENTRY--UNCONTROLLED RELATED/ANALYTICAL TITLE
Uncontrolled related/analytical title Missionary professor organizes resistance to Japanese.
942 ## - ADDED ENTRY ELEMENTS (KOHA)
Source of classification or shelving scheme Dewey Decimal Classification
Koha item type Circulation Books
Holdings
Withdrawn status Lost status Source of classification or shelving scheme Damaged status Not for loan Home library Current library Shelving location Date acquired Source of acquisition Total Checkouts Full call number Barcode Date last seen Price effective from Koha item type
    Dewey Decimal Classification     PBTS Library PBTS Library Filipiniana Section 01/15/2016 Gift   Fil D 802 .P62 M624 1994 28347 02/04/2026 01/15/2016 Circulation Books

Philippine Baptist Theological Seminary | 19 Tacay Road, Central Guisad, Baguio City 2600, Philippines